| 000 | 00394nam a2200133Ia 4500 | ||
|---|---|---|---|
| 008 | 181022s9999 xx 000 0 und d | ||
| 020 | _a9789814780841 | ||
| 100 | _aSolomon, Eldra. | ||
| 245 |
_cEldra Solomon, Charles Martin, Diana W. Martin, Linda R. Berg.-- _aBiology / |
||
| 250 | _a10th ed | ||
| 260 |
_aUSA : _bCengage learning _c2017 |
||
| 300 | _axxxii, 1253 pages. | ||
| 650 | _aBiology. | ||
| 999 |
_c359292 _d359292 |
||